[Event "Moscow-ch final (Women)"]
[Site "Moscow"]
[Date "2019.04.06"]
[Round "8"]
[White "Zvereva, Margarita"]
[Black "Soblirova, Sabina"]
[Result "0-1"]
[WhiteElo "1853"]
[BlackElo "1516"]
[PlyCount "70"]
[EventDate "2019.03.30"]
[EventType "swiss"]
[EventRounds "9"]
[EventCountry "RUS"]
[SourceTitle "CBM 189 Extra"]
[Source "ChessBase"]
[SourceDate "2019.06.03"]
[SourceVersion "1"]
[SourceVersionDate "2019.06.03"]
[SourceQuality "1"]

1. d4 Nf6 2. Nf3 c5 3. e3 g6 4. b3 cxd4 5. exd4 Bg7 6. Bb2 0-0 7. Be2 d5 8. 0-0 Nc6 9. Nbd2 Bf5 10. a3 Rc8 11. Rc1 Bh6 12. b4 Ne4 13. Ra1 Qc7 14. Nxe4 Bxe4 15. Bd3 Rfd8 16. Re1 Bxd3 17. Qxd3 Qd7 18. c3 a6 19. a4 Qd6 20. b5 Na5 21. Ba3 Qc7 22. Bxe7 Re8 23. Bb4 Nc4 24. bxa6 bxa6 25. g3 a5 26. Bc5 Qc6 27. Reb1 Rb8 28. Qc2 Qf6 29. Kg2 Rbc8 30. Rb7 Re3 31. Ne1 Rce8 32. Kf1 Bf8 33. Nd3 Qf3 34. Kg1 Rxd3 35. Bxf8 Re2 0-1